Statystyki dla Odgadnij państwo, po nazwach krajów graniczących

Kliknij tutaj aby rozwiązać quiz!

Ogólne statystyki

  • Ten quiz został rozwiązany 115 razy
  • Średni wynik to 11 z 15

Statystyki odpowiedzi

GraniceKraj% Poprawnych
HiszpaniaPortugalia
91%
Czechy, Polska, Austria, Węgry,
Ukraina
Słowacja
87%
Szwecja, Rosja, NorwegiaFinlandia
86%
Hiszpania, FrancjaAndora
85%
Turkmenistan, Afganistan, Pakistan,
Azerbejdżan, Irak, Turcja, Kuwejt
Iran
80%
Kirgistan, Rosja, Chiny,
Uzbekistan
Kazachstan
78%
Indie, MjanmaBangladesz
77%
Serbia, Albania, Czarnogóra, Macedonia
Północna
Kosowo
76%
Lesotho, Eswatini (Suazi), Botswana,
Namibia, Mozambik, Zimbabwe
Republika Południowej Afryki
76%
Papua Nowa - Gwinea, Malezja,
Timor Wschodni
Indonezja
75%
Brazylia, Boliwia, ArgentynaParagwaj
75%
Brazylia, Panama, Peru, Ekwador,
Wenezuela
Kolumbia
71%
Izrael, Arabia Saudyjska,
Syria, Irak
Jordania
64%
Erytrea, Etiopia, SomaliaDżibuti
57%
Czad, Sudan, Demokratyczna Republika Konga,
Kamerun, Kongo, Sudan Południowy
Republika Środkowoafrykańska
46%

Rozkład punktacji

Percentyl według liczby udzielonych odpowiedzi

Procent ludzi z każdym wynikiem

Twoja historia wyników

Nie rozwiązałeś tego quizu